[Event "GRE-ch U14"]
[Site "Niforeika"]
[Date "2000.04.23"]
[Round "2.1"]
[White "Panagiotopoulos, Alexandros"]
[Black "Metaksas, Panagiotis"]
[Result "1-0"]
[WhiteElo "1985"]
[BlackElo "1540"]
[PlyCount "119"]
[EventDate "2000.??.??"]
[EventType "swiss"]
[EventRounds "7"]
[EventCountry "GRE"]
[SourceTitle "EXT 2004"]
[Source "ChessBase"]
[SourceDate "2003.11.25"]
[SourceVersion "1"]
[SourceVersionDate "2003.11.25"]
[SourceQuality "1"]

1. e4 e5 2. d4 exd4 3. Qxd4 Nc6 4. Qe3 Nf6 5. Nc3 d6 6. Bd2 Be7 7. 0-0-0 a6 8. Be2 Bd7 9. Qg3 g6 10. f4 Be6 11. Nf3 h6 12. Rhf1 Qc8 13. Qf2 Ng4 14. Qg1 f5 15. exf5 Bxf5 16. h3 Nf6 17. g4 Be6 18. Bd3 Bf7 19. Rde1 Qd7 20. f5 g5 21. Nd4 Ne5 22. Be4 0-0-0 23. Ne6 b6 24. Nxd8 Rxd8 25. Bg2 Kb8 26. Qd4 Ka7 27. Ne4 c6 28. Bc3 Nxe4 29. Bxe4 Bf6 30. Qa4 Rc8 31. Rd1 d5 32. Rfe1 Qc7 33. Bd3 b5 34. Qa3 Re8 35. Qc5+ Kb7 36. Bd4 Kb8 37. Qb6+ Qxb6 38. Bxb6 Kb7 39. Bc5 Kc7 40. Bf1 a5 41. Re2 Kd7 42. Rde1 a4 43. a3 Kc7 44. Re3 Kd7 45. Kd2 Kc7 46. c3 Kd7 47. Bd4 Kd6 48. Bxe5+ Bxe5 49. Kd3 c5 50. Bg2 d4 51. cxd4 cxd4 52. Re4 Bc4+ 53. Kc2 d3+ 54. Kd2 Bf4+ 55. Rxf4 Rxe1 56. Kxe1 gxf4 57. Kd2 Ke5 58. Bf1 f3 59. Bxd3 Bxd3 60. Kxd3 1-0